000 00735cab a2200229 4500
001 WB3318-28
008 090401t1997 xxu||||| |||| 00| 0 eng d
035 _a(Sirsi) u78200
041 _aeng
245 _aLandlords under the labour whip
260 _c1997
350 _a0
490 _aSunday Telegraph
_v4 May 1997, 8(2)
520 _aThe new Labour government plan to introduce a national mandatory licensing scheme for landlords in the private rented sector. The RICS is concerned that it will cause more legal burdens to landlords.
650 _aLABOUR PARTY
650 _aLANDLORDS
650 _aLICENSING SCHEMES
650 _aRICS
690 _aPROPERTY-LANDLORD AND TENANT
942 _n0
948 _c07/05/1997
999 _c49217
_d49217